[Event "Bruges Masters 2018"]
[Site "Brugge"]
[Date "2018.08.16"]
[Round "4"]
[White "Zeng, Chongsheng"]
[Black "Gevorgyan, Maria"]
[Result "1-0"]
[WhiteElo "2539"]
[BlackElo "2228"]
[Annotator "ChessBase"]
[PlyCount "77"]
[EventDate "2018.08.12"]
[EventType "swiss"]
[EventCountry "BEL"]
[SourceTitle "playchess.com"]
[Source "ChessBase"]
[SourceQuality "1"]
[TimeControl "5400+30"]

1. d4 {[%emt 0:00:46]} d5 {[%emt 0:00:00]} 2. c4 {[%emt 0:00:07]} dxc4 {[%emt 0:00:00]} 3. e3 {[%emt 0:00:37]} e6 {[%emt 0:00:22]} 4. Bxc4 {[%emt 0:00:12]} Nf6 {[%emt 0:01:49]} 5. Nf3 {[%emt 0:02:17]} a6 {[%emt 0:00:04]} 6. O-O {[%emt 0:00:47]} c5 {[%emt 0:00:04]} 7. e4 {[%emt 0:02:23]} Nxe4 {[%emt 0:01:02]} 8. d5 {[%emt 0:00:43]} Nd6 {[%emt 0:28:36]} 9. dxe6 {[%emt 0:00:35]} fxe6 {[%emt 0:00:04]} 10. Bd3 {[%emt 0:03:43]} Nc6 {[%emt 0:02:15]} 11. Ng5 {[%emt 0:05:33]} g6 {[%emt 0:04:31]} 12. Nc3 {[%emt 0:06:48]} Be7 {[%emt 0:02:36]} 13. h4 {[%emt 0:09:30]} Nf5 {[%emt 0:09:02]} 14. g3 {[%emt 0:03:13]} h6 {[%emt 0:06:02]} 15. Nf3 {[%emt 0:02:09]} Nb4 {[%emt 0:10:33]} 16. Be4 {[%emt 0:00:46]} Qxd1 {[%emt 0:07:53]} 17. Rxd1 {[%emt 0:00:05]} Nc6 {[%emt 0:02:14]} 18. Bf4 {[%emt 0:06:42]} Bd7 {[%emt 0:06:46]} 19. Na4 {[%emt 0:06:43]} Ncd4 {[%emt 0:06:00]} 20. Nb6 {[%emt 0:01:40]} Rd8 {[%emt 0:01:33]} 21. Nxd4 {[%emt 0:02:29]} cxd4 {[%emt 0:02:22]} 22. Bc7 {[%emt 0:00:17]} Bc6 {[%emt 0:00:59]} 23. Bxc6+ {[%emt 0:00:46]} bxc6 {[%emt 0:00:01]} 24. Rac1 {[%emt 0:00:54]} Kf7 {[%emt 0:02:06]} 25. Bxd8 {[%emt 0:00:11]} Rxd8 {[%emt 0:00:30]} 26. Rxc6 {[%emt 0:00:06]} Bf6 {[%emt 0:01:51]} 27. Nc4 {[%emt 0:00:51]} Ra8 {[%emt 0:00:39]} 28. Re1 {[%emt 0:00:46]} Ng7 {[%emt 0:02:17]} 29. Nd6+ {[%emt 0:01:44]} Kf8 {[%emt 0:00:18]} 30. Ne4 {[%emt 0:00:33]} Be7 {[%emt 0:00:05]} 31. Rd1 {[%emt 0:00:19]} e5 {[%emt 0:01:17]} 32. Rxg6 {[%emt 0:00:07]} h5 {[%emt 0:00:01]} 33. Rh6 {[%emt 0:01:06]} Kf7 {[%emt 0:00:01]} 34. Rd3 {[%emt 0:00:12]} a5 {[%emt 0:00:07]} 35. Rc6 {[%emt 0:00:56]} a4 {[%emt 0:00:01]} 36. Rf3+ {[%emt 0:00:39]} Kg8 {[%emt 0:00:23]} 37. Rc7 {[%emt 0:00:48]} Bf8 {[%emt 0:00:16]} 38. Nf6+ {[%emt 0:00:17]} Kh8 {[%emt 0:00:01]} 39. Rf5 {[%emt 0:00:18]} 1-0

[Event "Bruges Masters 2018"]
[Site "Brugge"]
[Date "2018.08.16"]
[Round "4"]
[White "Dgebuadze, Alexandre"]
[Black "Decrop, Benjamin"]
[Result "1-0"]
[WhiteElo "2511"]
[BlackElo "2211"]
[Annotator "ChessBase"]
[PlyCount "89"]
[EventDate "2018.08.12"]
[EventType "swiss"]
[EventCountry "BEL"]
[SourceTitle "playchess.com"]
[Source "ChessBase"]
[SourceQuality "1"]
[TimeControl "5400+30"]

1. e4 {[%emt 0:00:00]} c5 {[%emt 0:00:00]} 2. Nc3 {[%emt 0:00:00]} Nc6 {[%emt 0:00:00]} 3. Nge2 {[%emt 0:00:06]} e6 {[%emt 0:00:47]} 4. d4 {[%emt 0:00:57]} cxd4 {[%emt 0:00:06]} 5. Nxd4 {[%emt 0:00:03]} Qc7 {[%emt 0:00:05]} 6. Ndb5 {[%emt 0:01:53]} Qb8 {[%emt 0:00:08]} 7. g3 {[%emt 0:00:10]} a6 {[%emt 0:00:27]} 8. Nd4 {[%emt 0:00:05]} Nf6 {[%emt 0:02:13]} 9. Bg2 {[%emt 0:00:19]} Qc7 {[%emt 0:00:07]} 10. O-O {[%emt 0:00:37]} Nxd4 {[%emt 0:00:04]} 11. Qxd4 {[%emt 0:00:07]} Bc5 {[%emt 0:00:03]} 12. Bf4 {[%emt 0:02:24]} d6 {[%emt 0:00:06]} 13. Qd2 {[%emt 0:00:39]} h6 {[%emt 0:00:41]} 14. Rad1 {[%emt 0:12:44]} e5 {[%emt 0:01:08]} 15. Be3 {[%emt 0:00:04]} Be6 {[%emt 0:00:25]} 16. Bxc5 {[%emt 0:00:57]} dxc5 {[%emt 0:00:07]} 17. f4 {[%emt 0:00:35]} O-O {[%emt 0:18:54]} 18. Qd6 {[%emt 0:03:22]} Qxd6 {[%emt 0:38:52]} 19. Rxd6 {[%emt 0:01:15]} Rfd8 {[%emt 0:01:45]} 20. Rfd1 {[%emt 0:03:06]} Rxd6 {[%emt 0:04:23]} 21. Rxd6 {[%emt 0:01:13]} Kf8 {[%emt 0:00:02]} 22. Bf3 {[%emt 0:22:22]} Ke7 {[%emt 0:01:40]} 23. fxe5 {[%emt 0:00:56]} Nd7 {[%emt 0:02:07]} 24. Nd5+ {[%emt 0:00:26]} Bxd5 {[%emt 0:00:29]} 25. Rxd5 {[%emt 0:00:03]} Rd8 {[%emt 0:01:39]} 26. Kf2 {[%emt 0:04:09]} b6 {[%emt 0:00:47]} 27. Bh5 {[%emt 0:07:05]} g6 {[%emt 0:16:14]} 28. Bg4 {[%emt 0:05:04]} Nf8 {[%emt 0:03:39]} 29. Be2 {[%emt 0:06:04]} a5 {[%emt 0:01:23]} 30. Bc4 {[%emt 0:01:11]} Rd7 {[%emt 0:04:38]} 31. Ke3 {[%emt 0:04:13]} g5 {[%emt 0:00:26]} 32. Bb5 {[%emt 0:04:25]} Rd8 {[%emt 0:00:15]} 33. Kd3 {[%emt 0:00:56]} Ne6 {[%emt 0:01:20]} 34. Bc4 {[%emt 0:00:33]} Rd7 {[%emt 0:01:00]} 35. c3 {[%emt 0:03:22]} Nf8 {[%emt 0:00:41]} 36. Bb5 {[%emt 0:00:17]} Rd8 {[%emt 0:00:28]} 37. Rxd8 {[%emt 0:03:28]} Kxd8 {[%emt 0:00:03]} 38. Kc4 {[%emt 0:00:05]} Ne6 {[%emt 0:01:08]} 39. Kd5 {[%emt 0:00:13]} Nc7+ {[%emt 0:00:36]} 40. Kc6 {[%emt 0:00:14]} Nxb5 {[%emt 0:00:03]} 41. Kxb5 {[%emt 0:01:13]} Kc7 {[%emt 0:00:03]} 42. g4 {[%emt 0:00:46]} Kb7 {[%emt 0:00:03]} 43. a4 {[%emt 0:00:51]} Kc7 {[%emt 0:00:09]} 44. Kc4 {[%emt 0:00:53]} Kc6 {[%emt 0:00:19]} 45. b3 {[%emt 0:00:10]} 1-0

[Event "Bruges Masters 2018"]
[Site "Brugge"]
[Date "2018.08.16"]
[Round "4"]
[White "Wan, Yunguo"]
[Black "Turner, Matthew J"]
[Result "1-0"]
[WhiteElo "2501"]
[BlackElo "2533"]
[Annotator "ChessBase"]
[PlyCount "173"]
[EventDate "2018.08.12"]
[EventType "swiss"]
[EventCountry "BEL"]
[SourceTitle "playchess.com"]
[Source "ChessBase"]
[SourceQuality "1"]
[TimeControl "5400+30"]

1. e4 {[%emt 0:02:25]} e5 {[%emt 0:00:00]} 2. Nf3 {[%emt 0:00:15]} Nc6 {[%emt 0:00:00]} 3. Bc4 {[%emt 0:00:26]} Bc5 {[%emt 0:00:19]} 4. c3 {[%emt 0:00:28]} Nf6 {[%emt 0:00:22]} 5. d4 {[%emt 0:00:11]} exd4 {[%emt 0:00:22]} 6. e5 {[%emt 0:00:06]} d5 {[%emt 0:03:22]} 7. Bb5 {[%emt 0:00:08]} Ne4 {[%emt 0:01:58]} 8. cxd4 {[%emt 0:00:07]} Be7 {[%emt 0:04:19]} 9. Nc3 {[%emt 0:00:17]} O-O {[%emt 0:00:41]} 10. h3 {[%emt 0:00:05]} f6 {[%emt 0:02:58]} 11. O-O {[%emt 0:13:31]} Nxc3 {[%emt 0:06:42]} 12. bxc3 {[%emt 0:00:10]} fxe5 {[%emt 0:00:20]} 13. dxe5 {[%emt 0:02:30]} Nb8 {[%emt 0:09:56]} 14. Bd3 {[%emt 0:12:09]} Nd7 {[%emt 0:01:54]} 15. Qc2 {[%emt 0:14:40]} Rxf3 {[%emt 0:21:46]} 16. gxf3 {[%emt 0:00:37]} Nf8 {[%emt 0:01:44]} 17. Bf5 {[%emt 0:05:36]} g6 {[%emt 0:00:44]} 18. Bxc8 {[%emt 0:04:27]} Qxc8 {[%emt 0:00:45]} 19. Qd3 {[%emt 0:01:05]} Qxh3 {[%emt 0:01:51]} 20. Qxd5+ {[%emt 0:00:08]} Ne6 {[%emt 0:00:24]} 21. Qe4 {[%emt 0:06:25]} Rf8 {[%emt 0:00:42]} 22. Qg4 {[%emt 0:01:01]} Rxf3 {[%emt 0:00:25]} 23. Qxh3 {[%emt 0:00:06]} Rxh3 {[%emt 0:00:04]} 24. Be3 {[%emt 0:00:54]} b6 {[%emt 0:03:02]} 25. Kg2 {[%emt 0:03:05]} Rh5 {[%emt 0:00:12]} 26. f4 {[%emt 0:00:06]} Rf5 {[%emt 0:00:16]} 27. Kf3 {[%emt 0:03:17]} Ng5+ {[%emt 0:10:09]} 28. Ke2 {[%emt 0:01:24]} Ne4 {[%emt 0:00:17]} 29. Kd3 {[%emt 0:00:14]} Ng3 {[%emt 0:00:14]} 30. Rf3 {[%emt 0:01:23]} Nh5 {[%emt 0:00:04]} 31. a4 {[%emt 0:06:20]} Kf7 {[%emt 0:02:20]} 32. Ke4 {[%emt 0:03:03]} Ke6 {[%emt 0:00:16]} 33. Rh3 {[%emt 0:00:36]} a5 {[%emt 0:02:09]} 34. Rd1 {[%emt 0:01:06]} Rf7 {[%emt 0:06:28]} 35. Rd2 {[%emt 0:02:34]} Bc5 {[%emt 0:02:14]} 36. Bxc5 {[%emt 0:01:49]} Rxf4+ {[%emt 0:00:40]} 37. Ke3 {[%emt 0:00:05]} Rxa4 {[%emt 0:01:31]} 38. Bf8 {[%emt 0:01:21]} Rc4 {[%emt 0:00:47]} 39. Kd3 {[%emt 0:01:46]} b5 {[%emt 0:00:05]} 40. Kc2 {[%emt 0:03:12]} b4 {[%emt 0:01:05]} 41. Rd4 {[%emt 0:01:43]} Rc6 {[%emt 0:00:39]} 42. Kb3 {[%emt 0:00:18]} bxc3 {[%emt 0:00:31]} 43. Rxc3 {[%emt 0:00:14]} Rxc3+ {[%emt 0:00:26]} 44. Kxc3 {[%emt 0:00:01]} Kxe5 {[%emt 0:00:08]} 45. Rd7 {[%emt 0:00:44]} Nf6 {[%emt 0:00:25]} 46. Re7+ {[%emt 0:00:40]} Kf5 {[%emt 0:00:20]} 47. Kd2 {[%emt 0:00:44]} h5 {[%emt 0:01:38]} 48. Rf7 {[%emt 0:01:24]} Ke6 {[%emt 0:00:39]} 49. Rxc7 {[%emt 0:00:05]} g5 {[%emt 0:00:15]} 50. Ke2 {[%emt 0:00:32]} h4 {[%emt 0:00:51]} 51. Kf3 {[%emt 0:02:40]} g4+ {[%emt 0:00:14]} 52. Kg2 {[%emt 0:00:04]} Nd5 {[%emt 0:00:31]} 53. Rc6+ {[%emt 0:00:58]} Kf5 {[%emt 0:00:15]} 54. Bh6 {[%emt 0:00:48]} h3+ {[%emt 0:01:18]} 55. Kg3 {[%emt 0:00:11]} Nf6 {[%emt 0:00:05]} 56. Ra6 {[%emt 0:00:23]} Ne4+ {[%emt 0:04:45]} 57. Kh2 {[%emt 0:00:07]} Nc3 {[%emt 0:00:20]} 58. Rxa5+ {[%emt 0:00:35]} Ke4 {[%emt 0:00:07]} 59. Rg5 {[%emt 0:00:54]} Kf3 {[%emt 0:01:00]} 60. Rf5+ {[%emt 0:00:08]} Ke2 {[%emt 0:00:25]} 61. Rf4 {[%emt 0:00:27]} Kd3 {[%emt 0:00:06]} 62. Rxg4 {[%emt 0:00:14]} Ne4 {[%emt 0:00:02]} 63. Rg8 {[%emt 0:00:13]} Nf2 {[%emt 0:00:44]} 64. Bf4 {[%emt 0:00:33]} Ke4 {[%emt 0:00:29]} 65. Bg3 {[%emt 0:00:05]} Nd3 {[%emt 0:00:04]} 66. Kxh3 {[%emt 0:00:04]} Nc5 {[%emt 0:00:12]} 67. Kg4 {[%emt 0:00:07]} Ne6 {[%emt 0:00:22]} 68. Ra8 {[%emt 0:00:28]} Nd4 {[%emt 0:00:23]} 69. Re8+ {[%emt 0:00:31]} Kd5 {[%emt 0:00:07]} 70. Kf4 {[%emt 0:00:16]} Ne6+ {[%emt 0:00:06]} 71. Ke3 {[%emt 0:00:07]} Nc5 {[%emt 0:00:19]} 72. Rd8+ {[%emt 0:00:26]} Kc4 {[%emt 0:00:22]} 73. Rd4+ {[%emt 0:00:41]} Kb5 {[%emt 0:00:05]} 74. Bd6 {[%emt 0:00:05]} Ne6 {[%emt 0:00:18]} 75. Re4 {[%emt 0:00:14]} Nd8 {[%emt 0:00:08]} 76. Kd4 {[%emt 0:00:18]} Kc6 {[%emt 0:00:47]} 77. Bc5 {[%emt 0:00:37]} Nb7 {[%emt 0:00:49]} 78. Re6+ {[%emt 0:00:08]} Kd7 {[%emt 0:00:07]} 79. Rh6 {[%emt 0:00:12]} Nd8 {[%emt 0:00:39]} 80. Kd5 {[%emt 0:00:09]} Nf7 {[%emt 0:00:08]} 81. Re6 {[%emt 0:00:38]} Nd8 {[%emt 0:00:28]} 82. Re7+ {[%emt 0:00:06]} Kc8 {[%emt 0:00:03]} 83. Bb6 {[%emt 0:00:19]} Nb7 {[%emt 0:00:20]} 84. Kc6 {[%emt 0:00:10]} Nd8+ {[%emt 0:00:24]} 85. Bxd8 {[%emt 0:00:08]} Kxd8 {[%emt 0:00:03]} 86. Re6 {[%emt 0:00:06]} Kc8 {[%emt 0:00:03]} 87. Re8# {[%emt 0:00:06]} 1-0

[Event "Bruges Masters 2018"]
[Site "Brugge"]
[Date "2018.08.16"]
[Round "4"]
[White "Van Foreest, Lucas"]
[Black "Damen, Jip"]
[Result "1/2-1/2"]
[WhiteElo "2488"]
[BlackElo "2183"]
[Annotator "ChessBase"]
[PlyCount "75"]
[EventDate "2018.08.12"]
[EventType "swiss"]
[EventCountry "BEL"]
[SourceTitle "playchess.com"]
[Source "ChessBase"]
[SourceQuality "1"]
[TimeControl "5400+30"]

1. e4 {[%emt 0:13:17]} g6 {[%emt 0:01:13]} 2. d4 {[%emt 0:00:15]} d6 {[%emt 0:00:07]} 3. Nc3 {[%emt 0:00:53]} Bg7 {[%emt 0:00:10]} 4. Be3 {[%emt 0:00:07]} a6 {[%emt 0:00:05]} 5. h4 {[%emt 0:00:19]} h5 {[%emt 0:01:16]} 6. Nh3 {[%emt 0:01:01]} Bxh3 {[%emt 0:00:24]} 7. Rxh3 {[%emt 0:00:10]} Nd7 {[%emt 0:01:03]} 8. f3 {[%emt 0:09:19]} Rc8 {[%emt 0:01:06]} 9. Qd2 {[%emt 0:03:09]} c5 {[%emt 0:00:51]} 10. O-O-O {[%emt 0:04:55]} Qa5 {[%emt 0:01:38]} 11. Kb1 {[%emt 0:00:34]} cxd4 {[%emt 0:03:57]} 12. Bxd4 {[%emt 0:00:08]} Bxd4 {[%emt 0:00:23]} 13. Qxd4 {[%emt 0:00:10]} Ngf6 {[%emt 0:00:30]} 14. Qd2 {[%emt 0:03:30]} Qc5 {[%emt 0:01:40]} 15. Be2 {[%emt 0:01:30]} b5 {[%emt 0:01:12]} 16. Rhh1 {[%emt 0:03:42]} Nb6 {[%emt 0:01:03]} 17. a3 {[%emt 0:06:58]} Rc7 {[%emt 0:04:37]} 18. g4 {[%emt 0:03:39]} hxg4 {[%emt 0:02:19]} 19. fxg4 {[%emt 0:00:23]} Qe5 {[%emt 0:00:25]} 20. g5 {[%emt 0:05:25]} Rxc3 {[%emt 0:16:39]} 21. gxf6 {[%emt 0:07:15]} Na4 {[%emt 0:03:43]} 22. fxe7 {[%emt 0:06:52]} Rh3 {[%emt 0:07:04]} 23. c3 {[%emt 0:00:40]} Rxh1 {[%emt 0:00:46]} 24. Rxh1 {[%emt 0:00:04]} Kxe7 {[%emt 0:11:22]} 25. Bf3 {[%emt 0:03:40]} Nc5 {[%emt 0:03:41]} 26. Qf2 {[%emt 0:00:07]} Qf4 {[%emt 0:02:06]} 27. e5 {[%emt 0:04:41]} Ne6 {[%emt 0:04:41]} 28. exd6+ {[%emt 0:01:48]} Qxd6 {[%emt 0:00:21]} 29. Ka1 {[%emt 0:03:07]} Qc5 {[%emt 0:01:06]} 30. Qe2 {[%emt 0:00:21]} a5 {[%emt 0:03:00]} 31. Bg4 {[%emt 0:01:45]} Qc4 {[%emt 0:05:11]} 32. Qe5 {[%emt 0:00:53]} f6 {[%emt 0:01:11]} 33. Qg3 {[%emt 0:00:06]} Qf4 {[%emt 0:04:31]} 34. Qg2 {[%emt 0:00:24]} f5 {[%emt 0:00:16]} 35. Be2 {[%emt 0:02:08]} b4 {[%emt 0:01:36]} 36. cxb4 {[%emt 0:05:28]} axb4 {[%emt 0:00:13]} 37. Qb7+ {[%emt 0:02:18]} Kf6 {[%emt 0:00:40]} 38. Qxb4 {[%emt 0:03:02]} 1/2-1/2

[Event "Bruges Masters 2018"]
[Site "Brugge"]
[Date "2018.08.16"]
[Round "4"]
[White "Lai, Hing Ting"]
[Black "Rajesh, V A V"]
[Result "0-1"]
[WhiteElo "2459"]
[BlackElo "2325"]
[Annotator "ChessBase"]
[PlyCount "84"]
[EventDate "2018.08.12"]
[EventType "swiss"]
[EventCountry "BEL"]
[SourceTitle "playchess.com"]
[Source "ChessBase"]
[SourceQuality "1"]
[TimeControl "5400+30"]

1. c4 {[%emt 0:00:00]} Nf6 {[%emt 0:00:00]} 2. g3 {[%emt 0:00:00]} c5 {[%emt 0:01:13]} 3. Bg2 {[%emt 0:00:00]} Nc6 {[%emt 0:00:05]} 4. Nc3 {[%emt 0:00:12]} e5 {[%emt 0:00:36]} 5. e3 {[%emt 0:03:00]} d6 {[%emt 0:00:11]} 6. Nge2 {[%emt 0:00:15]} Be6 {[%emt 0:01:16]} 7. Nd5 {[%emt 0:00:52]} Be7 {[%emt 0:10:18]} 8. O-O {[%emt 0:06:01]} O-O {[%emt 0:05:37]} 9. b3 {[%emt 0:04:25]} Qd7 {[%emt 0:05:27]} 10. Nxe7+ {[%emt 0:02:20]} Nxe7 {[%emt 0:02:28]} 11. d4 {[%emt 0:00:26]} exd4 {[%emt 0:00:08]} 12. exd4 {[%emt 0:00:10]} Bh3 {[%emt 0:00:05]} 13. Bb2 {[%emt 0:04:18]} Bxg2 {[%emt 0:01:02]} 14. Kxg2 {[%emt 0:00:02]} Ng6 {[%emt 0:00:09]} 15. Qd3 {[%emt 0:02:41]} Rfe8 {[%emt 0:00:55]} 16. h3 {[%emt 0:12:46]} Ne4 {[%emt 0:15:38]} 17. Rad1 {[%emt 0:03:37]} Qe6 {[%emt 0:16:25]} 18. Ng1 {[%emt 0:07:46]} d5 {[%emt 0:11:15]} 19. dxc5 {[%emt 0:05:23]} dxc4 {[%emt 0:00:38]} 20. Qd4 {[%emt 0:01:12]} Qe5 {[%emt 0:06:53]} 21. Qxe5 {[%emt 0:05:37]} Nxe5 {[%emt 0:00:07]} 22. Bxe5 {[%emt 0:00:17]} Rxe5 {[%emt 0:00:06]} 23. Rfe1 {[%emt 0:00:33]} Re6 {[%emt 0:03:23]} 24. b4 {[%emt 0:01:41]} a5 {[%emt 0:00:34]} 25. a3 {[%emt 0:00:43]} g6 {[%emt 0:02:33]} 26. Ne2 {[%emt 0:07:43]} axb4 {[%emt 0:06:14]} 27. axb4 {[%emt 0:00:02]} Ra2 {[%emt 0:01:30]} 28. Rd8+ {[%emt 0:07:24]} Kg7 {[%emt 0:00:11]} 29. Nf4 {[%emt 0:00:22]} Re5 {[%emt 0:00:49]} 30. Kg1 {[%emt 0:00:16]} c3 {[%emt 0:02:47]} 31. Rd3 {[%emt 0:03:02]} c2 {[%emt 0:00:30]} 32. Rde3 {[%emt 0:01:25]} Ng5 {[%emt 0:00:37]} 33. Rxe5 {[%emt 0:08:31]} Nf3+ {[%emt 0:00:05]} 34. Kg2 {[%emt 0:00:26]} Nxe5 {[%emt 0:00:06]} 35. h4 {[%emt 0:00:05]} Rb2 {[%emt 0:02:18]} 36. Rc1 {[%emt 0:00:24]} Nc6 {[%emt 0:03:15]} 37. b5 {[%emt 0:03:39]} Nd4 {[%emt 0:00:51]} 38. c6 {[%emt 0:03:14]} bxc6 {[%emt 0:00:16]} 39. bxc6 {[%emt 0:00:01]} Nxc6 {[%emt 0:00:23]} 40. Nd3 {[%emt 0:00:20]} Ra2 {[%emt 0:00:09]} 41. f3 {[%emt 0:02:58]} Nd4 {[%emt 0:00:48]} 42. Ne1 {[%emt 0:00:02]} Ra3 {[%emt 0:01:15]} 0-1

[Event "Bruges Masters 2018"]
[Site "Brugge"]
[Date "2018.08.16"]
[Round "4"]
[White "Geirnaert, Steven"]
[Black "Den Hartog, Marijn"]
[Result "1-0"]
[WhiteElo "2427"]
[BlackElo "2118"]
[Annotator "ChessBase"]
[PlyCount "83"]
[EventDate "2018.08.12"]
[EventType "swiss"]
[EventCountry "BEL"]
[SourceTitle "playchess.com"]
[Source "ChessBase"]
[SourceQuality "1"]
[TimeControl "5400+30"]

1. d4 {[%emt 0:01:49]} Nf6 {[%emt 0:00:00]} 2. c4 {[%emt 0:00:08]} g6 {[%emt 0:00:00]} 3. f3 {[%emt 0:00:07]} Bg7 {[%emt 0:00:00]} 4. e4 {[%emt 0:00:05]} d6 {[%emt 0:00:03]} 5. Nc3 {[%emt 0:00:03]} O-O {[%emt 0:00:08]} 6. Nge2 {[%emt 0:00:17]} c5 {[%emt 0:01:57]} 7. d5 {[%emt 0:02:09]} e6 {[%emt 0:03:34]} 8. Bg5 {[%emt 0:00:25]} exd5 {[%emt 0:01:24]} 9. cxd5 {[%emt 0:03:12]} a6 {[%emt 0:16:17]} 10. a4 {[%emt 0:00:34]} Re8 {[%emt 0:00:37]} 11. Qd2 {[%emt 0:01:39]} Qa5 {[%emt 0:06:37]} 12. Ra3 {[%emt 0:03:08]} Nbd7 {[%emt 0:06:22]} 13. Nc1 {[%emt 0:01:36]} Rb8 {[%emt 0:00:50]} 14. Be2 {[%emt 0:00:50]} Qc7 {[%emt 0:00:44]} 15. Be3 {[%emt 0:12:55]} b6 {[%emt 0:05:26]} 16. O-O {[%emt 0:06:22]} Ne5 {[%emt 0:06:44]} 17. Nb3 {[%emt 0:05:29]} h5 {[%emt 0:01:29]} 18. h3 {[%emt 0:01:21]} Qe7 {[%emt 0:06:32]} 19. Bg5 {[%emt 0:00:50]} Ned7 {[%emt 0:01:04]} 20. Raa1 {[%emt 0:01:47]} Qf8 {[%emt 0:00:26]} 21. Rae1 {[%emt 0:01:20]} Nh7 {[%emt 0:00:10]} 22. Be3 {[%emt 0:00:53]} Ndf6 {[%emt 0:05:03]} 23. Bc4 {[%emt 0:09:37]} h4 {[%emt 0:07:12]} 24. Qd3 {[%emt 0:00:09]} Ra8 {[%emt 0:02:08]} 25. Bf2 {[%emt 0:04:15]} Nh5 {[%emt 0:02:40]} 26. Bxh4 {[%emt 0:01:48]} g5 {[%emt 0:00:11]} 27. Bf2 {[%emt 0:00:13]} Nf4 {[%emt 0:08:36]} 28. Qd2 {[%emt 0:00:02]} Be5 {[%emt 0:03:17]} 29. Be3 {[%emt 0:07:12]} Qh6 {[%emt 0:00:57]} 30. Rf2 {[%emt 0:00:16]} Nf6 {[%emt 0:01:49]} 31. Bf1 {[%emt 0:00:32]} Qh4 {[%emt 0:01:07]} 32. Ne2 {[%emt 0:07:58]} N6h5 {[%emt 0:01:18]} 33. Nbc1 {[%emt 0:27:29]} f5 {[%emt 0:05:27]} 34. exf5 {[%emt 0:00:00]} Bxf5 {[%emt 0:01:50]} 35. g4 {[%emt 0:00:00]} Ng3 {[%emt 0:04:21]} 36. Bxf4 {[%emt 0:00:00]} Bxf4 {[%emt 0:00:56]} 37. Nxf4 {[%emt 0:00:00]} gxf4 {[%emt 0:00:29]} 38. gxf5 {[%emt 0:00:00]} Nxf5 {[%emt 0:00:13]} 39. Rg2+ {[%emt 0:00:00]} Ng3 {[%emt 0:00:14]} 40. Ne2 {[%emt 0:00:00]} Rf8 {[%emt 0:00:32]} 41. Nxg3 {[%emt 0:00:00]} fxg3 {[%emt 0:00:02]} 42. Re4 {[%emt 0:00:00]} 1-0

[Event "Bruges Masters 2018"]
[Site "Brugge"]
[Date "2018.08.16"]
[Round "4"]
[White "Chernov, Vadim"]
[Black "Beckett, Chris J"]
[Result "1/2-1/2"]
[WhiteElo "2412"]
[BlackElo "2155"]
[Annotator "ChessBase"]
[PlyCount "38"]
[EventDate "2018.08.12"]
[EventType "swiss"]
[EventCountry "BEL"]
[SourceTitle "playchess.com"]
[Source "ChessBase"]
[SourceQuality "1"]
[TimeControl "5400+30"]

1. e4 {[%emt 0:00:00]} e6 {[%emt 0:01:06]} 2. d4 {[%emt 0:00:00]} d5 {[%emt 0:00:11]} 3. Nd2 {[%emt 0:00:00]} c5 {[%emt 0:00:11]} 4. Ngf3 {[%emt 0:00:00]} cxd4 {[%emt 0:00:10]} 5. exd5 {[%emt 0:00:00]} Qxd5 {[%emt 0:00:06]} 6. Bc4 {[%emt 0:00:00]} Qd7 {[%emt 0:00:10]} 7. O-O {[%emt 0:00:00]} Nc6 {[%emt 0:00:20]} 8. Nb3 {[%emt 0:00:00]} a6 {[%emt 0:00:16]} 9. Nbxd4 {[%emt 0:00:00]} Nxd4 {[%emt 0:00:10]} 10. Nxd4 {[%emt 0:00:00]} Qc7 {[%emt 0:00:35]} 11. Qe2 {[%emt 0:02:00]} Bd6 {[%emt 0:01:19]} 12. Re1 {[%emt 0:03:25]} Ne7 {[%emt 0:02:45]} 13. h3 {[%emt 0:01:28]} O-O {[%emt 0:07:00]} 14. Bd3 {[%emt 0:02:18]} Ng6 {[%emt 0:12:11]} 15. Qe4 {[%emt 0:16:36]} Bd7 {[%emt 0:12:48]} 16. Bd2 {[%emt 0:03:28]} b5 {[%emt 0:09:08]} 17. g3 {[%emt 0:05:33]} Rae8 {[%emt 0:09:11]} 18. Qg2 {[%emt 0:16:31]} Ne5 {[%emt 0:10:58]} 19. Be2 {[%emt 0:04:01]} Bc5 {[%emt 0:05:43]} 1/2-1/2

[Event "Bruges Masters 2018"]
[Site "Brugge"]
[Date "2018.08.16"]
[Round "4"]
[White "De Jong, Migchiel"]
[Black "Tomov, Georgi"]
[Result "0-1"]
[WhiteElo "2339"]
[BlackElo "2307"]
[Annotator "NA"]
[PlyCount "68"]
[EventDate "2018.08.12"]
[EventType "swiss"]
[EventCountry "BEL"]
[SourceTitle "playchess.com"]
[Source "ChessBase"]
[SourceQuality "1"]
[TimeControl "5400+30"]

1. e4 {[%emt 0:00:34]} c6 {[%emt 0:00:00]} 2. d4 {[%emt 0:00:29]} d5 {[%emt 0:00:00]} 3. Nd2 {[%emt 0:00:10]} dxe4 {[%emt 0:00:00]} 4. Nxe4 {[%emt 0:00:13]} Bf5 {[%emt 0:00:00]} 5. Ng3 {[%emt 0:00:12]} Bg6 {[%emt 0:00:00]} 6. Nh3 {[%emt 0:00:23]} Nf6 {[%emt 0:00:41]} 7. c3 {[%emt 0:00:36]} Nbd7 {[%emt 0:01:24]} 8. Nf4 {[%emt 0:02:43]} Qc7 {[%emt 0:03:55]} 9. Bc4 {[%emt 0:01:34]} e5 {[%emt 0:00:57]} 10. Nxg6 {[%emt 0:00:34]} hxg6 {[%emt 0:00:06]} 11. O-O {[%emt 0:00:57]} Bd6 {[%emt 0:03:09]} 12. Re1 {[%emt 0:04:10]} Kf8 {[%emt 0:00:36]} 13. Bg5 {[%emt 0:02:57]} e4 {[%emt 0:09:02]} 14. Qd2 {[%emt 0:05:51]} Re8 {[%emt 0:00:53]} 15. h3 {[%emt 0:03:12]} Nb6 {[%emt 0:10:32]} 16. Bb3 {[%emt 0:01:01]} Nbd5 {[%emt 0:00:29]} 17. Ne2 {[%emt 0:07:10]} Rh5 {[%emt 0:16:42]} 18. Be3 {[%emt 0:05:27]} g5 {[%emt 0:10:56]} 19. Bxd5 {[%emt 0:01:34]} Nxd5 {[%emt 0:05:22]} 20. Bxg5 {[%emt 0:00:46]} Re6 {[%emt 0:01:01]} 21. c4 {[%emt 0:02:34]} Rg6 {[%emt 0:03:15]} 22. h4 {[%emt 0:01:46]} Bb4 {[%emt 0:07:28]} 23. Nc3 {[%emt 0:03:25]} Rgxg5 {[%emt 0:00:10]} 24. cxd5 {[%emt 0:01:22]} Rg4 {[%emt 0:00:31]} 25. g3 {[%emt 0:01:17]} cxd5 {[%emt 0:00:30]} 26. Rac1 {[%emt 0:02:06]} Qd7 {[%emt 0:05:06]} 27. a3 {[%emt 0:03:15]} Bd6 {[%emt 0:00:47]} 28. Kf1 {[%emt 0:02:57]} Bxg3 {[%emt 0:01:05]} 29. fxg3 {[%emt 0:02:36]} Rxg3 {[%emt 0:00:22]} 30. Qh2 {[%emt 0:39:42]} Qf5+ {[%emt 0:00:51]} 31. Qf2 {[%emt 0:00:25]} Rf3 {[%emt 0:01:23]} 32. Re2 {[%emt 0:01:02]} Rxh4 {[%emt 0:00:20]} 33. Ke1 {[%emt 0:01:11]} Rxf2 {[%emt 0:01:26]} 34. Rxf2 {[%emt 0:00:21]} Rh1+ {[%emt 0:01:07]} 0-1

[Event "Bruges Masters 2018"]
[Site "Brugge"]
[Date "2018.08.16"]
[Round "4"]
[White "Bisby, Daniel L"]
[Black "Mehar, Chinna Reddy C H"]
[Result "1/2-1/2"]
[WhiteElo "2314"]
[BlackElo "2345"]
[Annotator "NA"]
[PlyCount "21"]
[EventDate "2018.08.12"]
[EventType "swiss"]
[EventCountry "BEL"]
[SourceTitle "playchess.com"]
[Source "ChessBase"]
[SourceQuality "1"]
[TimeControl "5400+30"]

1. Nf3 {[%emt 0:00:00]} d5 {[%emt 0:00:40]} 2. g3 {[%emt 0:00:33]} Bg4 {[%emt 0:00:11]} 3. Bg2 {[%emt 0:00:28]} Nd7 {[%emt 0:00:08]} 4. O-O {[%emt 0:00:53]} Ngf6 {[%emt 0:00:30]} 5. d3 {[%emt 0:01:55]} e5 {[%emt 0:07:28]} 6. Nbd2 {[%emt 0:04:24]} Bc5 {[%emt 0:01:34]} 7. e4 {[%emt 0:02:01]} dxe4 {[%emt 0:00:12]} 8. dxe4 {[%emt 0:00:04]} O-O {[%emt 0:00:38]} 9. Qe2 {[%emt 0:03:44]} Qe7 {[%emt 0:00:55]} 10. h3 {[%emt 0:01:55]} Bxf3 {[%emt 0:03:21]} 11. Nb1 {[%emt 1:19:33]} 1/2-1/2